000 00544nam a2200193Ia 4500
005 20250508151618.0
008 008 250505s9999 xx 000 0 eng d
037 _aBooks to be hide in OPAC
040 _aFEDL
_beng
_cFEDL
041 _aeng
_2eng
084 _a155.4, IOW/O
_qFEDL
100 _aFillmore Eva A
_9759593
245 0 _aIowa tests for young children
260 _aIowa, USA
_bUniversity of Iowa
_c1936
300 _a58p.
546 _aVol. 11th, No. 4
942 _cHB
_h155.4, IOW/O
999 _c1330931
_d1330931